| 000 | 00617aab a2200253a 44500 | ||
|---|---|---|---|
| 008 | 000515s1987 cat | ||
| 041 | _acat | ||
| 080 | _a577.1(038) | ||
| 245 | _aGlossari [sobre biotecnologia] | ||
| 260 | _c1987 | ||
| 300 | _ap. 34 | ||
| 520 | _a34 | ||
| 546 | _acatalà | ||
| 592 | _aObra terminològica | ||
| 593 | _aDAB | ||
| 650 |
_abiotecnologia _963976 |
||
| 773 | _g(<1987>), núm 107 | ||
| 773 | _tEl correu de la Unesco | ||
| 901 | _c(<1987>) | ||
| 902 | _a000515 | ||
| 942 |
_cAS _n0 |
||
| 999 |
_c59093 _d59093 |
||